Adelante /

সংরক্ষণ করুন:
গ্রন্থ-পঞ্জীর বিবরন
প্রধান লেখক: Noli, Silvia
বিন্যাস: গ্রন্থ
ভাষা:ইতালিয়
প্রকাশিত: Roma : Fazi, 2014
মালা:Le meraviglie
ট্যাগগুলো: ট্যাগ যুক্ত করুন
কোনো ট্যাগ নেই, প্রথমজন হিসাবে ট্যাগ করুন!

MARC

LEADER 00000nam a22000007i 4500
001 IT\ICCU\RMS\2626976
003 ItRI
005 20231215104400.0
008 140307s2014 it |||||| ||||| |||||c
020 |a 9788864118109 
040 |b ita  |c C 
041 7 |a ita  |2 ISO-639-2 
082 |a 853.92  |2 23 
100 1 |a Noli, Silvia  |0 IT\ICCU\RMSV\987339 
240 1 0 |a Adelante 
245 1 0 |a Adelante /  |c Silvia Noli. 
260 |a Roma :  |b Fazi,  |c 2014 
300 |a 268 p. ;  |c 22 cm 
500 |a In quarta di copertina: eBook diponibile 
830 3 |a Le meraviglie  |0 IT\ICCU\UBO\3954134 
942 |2 ddc  |c BK 
952 |0 0  |1 0  |2 ddc  |4 0  |6 853_920000000000000_NOL_ADE  |7 1  |9 415  |a GE  |b GE  |d 2023-11-21  |l 0  |o 853.92 NOL ADE  |p 4131  |r 2023-12-15 10:44:36  |w 2023-12-15  |y BK 
981 1 |6 z01  |a i   |b xxxe  
982 1 |6 z01  |a n 
999 |c 320  |d 320